Algebraic topology and algebraic K-theory : proceedings of a conference October 24-28, 1983, at Princeton University, dedicated to John C. Moore on his 60th birthday /

Bibliographic Details
Other Authors: Moore, John C., Browder, William
Format: Book
Language:English
Published: Princeton, N.J. : Princeton University Press, 1987.
Series:Annals of mathematics studies ; 113.
Annals of mathematics studies ; no. 113.
Subjects:

MARC

Tag First Indicator Second Indicator Subfields
LEADER 00000cam a22000008a 4500
001 in00000010051
005 20151006060024.0
008 870407s1987 nju b 11000 eng
010 |a  87002819  
020 |a 0691084157 :  |c $65.00 
020 |a 0691084262 (pbk.) :  |c $22.50 
035 |a (OCoLC)15591436 
035 |9 AAA2241AM 
040 |a DLC  |c DLC  |d m/c  |d UtOrBLW 
049 |a TXAM  |c [A12562780] 
050 0 0 |a QA612  |b .A44 1987 
050 4 |a QA1  |b .A626 no.113 
082 0 |a 514/.2  |2 19 
245 0 0 |a Algebraic topology and algebraic K-theory :  |b proceedings of a conference October 24-28, 1983, at Princeton University, dedicated to John C. Moore on his 60th birthday /  |c edited by William Browder. 
263 |a 8708 
264 1 |a Princeton, N.J. :  |b Princeton University Press,  |c 1987. 
300 |a ix, 563 pages 
336 |a text  |b txt  |2 rdacontent 
337 |a unmediated  |b n  |2 rdamedia 
338 |a volume  |b nc  |2 rdacarrier 
490 1 |a Annals of mathematics studies ;  |v 113 
504 |a Includes bibliographies. 
650 0 |a Algebraic topology  |v Congresses. 
650 0 |a K-theory  |v Congresses. 
600 1 0 |a Moore, John C. 
700 1 |a Moore, John C. 
700 1 |a Browder, William. 
830 0 |a Annals of mathematics studies ;  |v 113. 
830 0 |a Annals of mathematics studies ;  |v no. 113. 
999 |a MARS 
999 f f |s 809dbe1b-0f47-3217-8266-83df6d59cb8a  |i cbc75c2f-f50e-303b-96e9-463d84cea61a  |t 0 
952 f f |p ric  |a Texas A&M University  |b Rellis Campus  |c Joint Library Facility  |d Remote Storage  |t 0  |e QA1 .A626 no.113  |h Library of Congress classification  |i unmediated -- volume  |m A14812562780 
998 f f |a QA1 .A626 no.113  |t 0  |l Remote Storage